| 000 -LEADER |
| fixed length control field |
01143nam a2200205Ia 4500 |
| 003 - CONTROL NUMBER IDENTIFIER |
| control field |
OSt |
| 005 - DATE AND TIME OF LATEST TRANSACTION |
| control field |
20251208094529.0 |
| 007 - PHYSICAL DESCRIPTION FIXED FIELD--GENERAL INFORMATION |
| fixed length control field |
ca aa aaaaa |
| 008 - FIXED-LENGTH DATA ELEMENTS--GENERAL INFORMATION |
| fixed length control field |
201103s9999 xx 000 0 und d |
| 040 ## - CATALOGING SOURCE |
| Transcribing agency |
SSBUL |
| 041 ## - LANGUAGE CODE |
| Language code of text/sound track or separate title |
Myanmar |
| 082 ## - DEWEY DECIMAL CLASSIFICATION NUMBER |
| Classification number |
၂၉၄.၃၀၉၂ |
| Item number |
ပန်း |
| 100 ## - MAIN ENTRY--PERSONAL NAME |
| Personal name |
ပန်းတစ်ပွင့်တောင်သာသနာပြုတောရရိပ်သာကျောင်း |
| 245 #0 - TITLE STATEMENT |
| Title |
ပန်းတစ်ပွင့်တောင်ဆရာတော်သဒ္ဓမ္မဇောတိကဓဇ၊ ဓမ္မကထိကဗဟုဇနဟိတဓရဘဒ္ဒန္တပညာသာရ / |
| Statement of responsibility, etc. |
ပန်းတစ်ပွင့်တောင်သာသနာပြုတောရိပ်သာကျောင်း။ |
| 260 ## - PUBLICATION, DISTRIBUTION, ETC. |
| Place of publication, distribution, etc. |
တိုက်ကြီး ၊ |
| Name of publisher, distributor, etc. |
ပန်းတစ်ပွင့်တောင်သာသနာပြုတောရရိပ်သာကျောင်း၊ |
| Date of publication, distribution, etc. |
၂၀၀၈။ |
| 300 ## - PHYSICAL DESCRIPTION |
| Extent |
၆၆ စာမျက်နှာ ၊ |
| Dimensions |
၂၀ စင်တီ။ |
| 500 ## - GENERAL NOTE |
| General note |
S-SAT : Dr. Sai Aung Tun |
| 942 ## - ADDED ENTRY ELEMENTS (KOHA) |
| Koha item type |
Book (Short term) |
| 100 ## - MAIN ENTRY--PERSONAL NAME |
| 9 (RLIN) |
17417 |
|
| Source of classification or shelving scheme |
|